00568nam a2200169 a 450000100100000000500170001000800410002702000150006804000250008310000230010824500540013126000330018530000210021850000370023995201050027699900170038100004318120201002040712.0140221s1988 sp 000 0 spa d a840391010X aDO-SdBNPbspacBNPHU1 aDrago, Tito97077110aCentro América, una paz posible. /cTito Drago. aMadrid, :bEl país,c1988. a278 p. ;c21 cm. aIncluye notas al pie de página 001050718MOaGRbGRcCTd2014-02-21iLF1l0o p43181-10r2020-06-25w2020-06-25y1ZNo se presta c42670d42670